| 000 | 01118nam a2200337 i 4500 | ||
|---|---|---|---|
| 001 | 10964 | ||
| 003 | KOSZ 005 | ||
| 005 | 20210805100726.0 | ||
| 008 | 070909s1968 pl ab g 001 0 pol | ||
| 015 | _aPB 1968/3796 | ||
| 040 |
_aWA N _cWA N _dKOSZ 005/RW _dKOSZ 005/HR |
||
| 080 | _a72(438)(091) | ||
| 080 | _a(084.1) | ||
| 100 | 1 |
_aMiłobędzki, Adam _d(1924-2003) _eAutor |
|
| 245 | 1 | 0 |
_aZarys dziejów architektury w Polsce / _cAdam Miłobędzki. |
| 250 | _aWyd. 2 popr. i uzup. | ||
| 260 |
_aWarszawa : _b"Wiedza Powszechna", _c1968. |
||
| 300 |
_a366, [2] s., [32] k. tabl. : _bil., mapy ; _c25 cm. |
||
| 380 | _aKsiążki | ||
| 388 | _a1901-2000 | ||
| 388 | _a1945-1989 | ||
| 504 | _aBibliogr. s. 320-[322]. Indeks. | ||
| 650 | 7 | _aBudownictwo | |
| 651 | 7 | _aPolska | |
| 655 | 7 | _aArchitektura polska | |
| 658 | _aArchitektura i budownictwo | ||
| 658 | _aHistoria | ||
| 710 | 2 |
_aPaństwowe Wydawnictwo Wiedza Powszechna _4pbl. |
|
| 856 |
_uhttp://koha.tu.koszalin.pl/cgi-bin/koha/opac-detail.pl?biblionumber=10964 _yKatalog online BPK |
||
| 942 |
_2UKD _cKS |
||
| 999 |
_c10964 _d10964 |
||